| 000 | 00901nas a2200289 4500 | ||
|---|---|---|---|
| 001 | BR9700421 | ||
| 003 | BR-BrBNA | ||
| 005 | 20231205095945.0 | ||
| 007 | ta | ||
| 008 | 230509b bl.|||p| |||| 00| 00por d | ||
| 040 |
_aBR-BrBNA _bpor _cBiblioteca Nacional de Agricultura |
||
| 041 | _a(Pt) | ||
| 072 | _aP33 | ||
| 100 | 1 | _aSilva, M.L.N. | |
| 100 | 1 | _aCuri, N. | |
| 100 | 1 | _aMarques, J.J.G. de S. e M. | |
| 100 | 1 | _aGuilherme, L.R.G. | |
| 100 | 1 | _aLima, J.M. de | |
| 245 | 1 | _aPonto de efeito salino nulo e suas relacoes com propriedades mineralogicas e quimicas de latossolos brasileiros | |
| 650 | _aLatossolo | ||
| 650 | _aSalinidade | ||
| 650 | _aMineralogia | ||
| 650 | _aPotencial Eletrico | ||
| 773 | 0 |
_tPesquisa Agropecuaria Brasileira (Brazil) _xISSN 0100-204X _g(Sep 1996), v. 31(9) p. 663-671 _wBR9700421 |
|
| 909 |
_a202311 _bLúcia _c55 _dLúcia Elande |
||
| 942 |
_2AGRIS _n0 _cANA |
||
| 999 |
_c153654 _d153654 |
||